000 00422nam a2200181Ia 4500
001 17764
005 20260306171541.0
008 260306s9999||||xx |||||||||||||| ||und||
041 _aESP
082 _a658.155
_bD249
100 _aDiz Cruz, Evaristo
_eAUT
245 0 _aTeoría de riesgo
260 _c2015
300 _axxiv, 265 páginas :
_c24 cm.
650 _aGEN
654 _aCAN
942 _cLIB
_dJUS
_fJUS
_2ddc
_n
999 _c17764
_d17764